| 000 | 00514nam a22001937a 4500 | ||
|---|---|---|---|
| 003 | OSt | ||
| 005 | 20140310182247.0 | ||
| 008 | 121117t xxu||||| |||| 00| 0 eng d | ||
| 020 | _a1863331581 | ||
| 050 |
_aPZ 7 _b.St779 1998 |
||
| 082 |
_aFIC _bSt13 1998 |
||
| 100 |
_aStafford, Paul _919657 |
||
| 245 |
_aFully faked / _cPaul Stafford |
||
| 260 |
_aAustralia : _bCrawford House Publishing Pty Ltd, _c1998. |
||
| 300 |
_a106 p. : _c20 cm. |
||
| 650 |
_aFiction. _9746 |
||
| 942 |
_2lcc _cBK-FIC |
||
| 999 |
_c11277 _d11277 |
||